[Event "C-Turnier"]
[Site "Hessische Einzelmeisterschaft"]
[Date "2010.04.02"]
[Round "4"]
[White "Mussler, Thomas"]
[Black "Will, Patrick"]
[Result "1/2-1/2"]
[WhiteElo "2118"]
[BlackElo "1886"]
[PlyCount "33"]
[EventDate "2010.??.??"]

1. e4 c6 2. d4 d5 3. Nd2 dxe4 4. Nxe4 Bf5 5. Ng3 Bg6 6. h4 h6 7. Nh3 e6 8. Nf4
Bh7 9. Bc4 Nf6 10. O-O Be7 11. Re1 Nd5 12. Ngh5 O-O 13. Qg4 Bf6 14. c3 Bf5 15.
Nxf6+ Qxf6 16. Qg3 Nxf4 17. Bxf4 1/2-1/2

[Event "C-Turnier"]
[Site "Hessische Einzelmeisterschaft"]
[Date "2010.04.02"]
[Round "4"]
[White "Rump, Andreas"]
[Black "Wiegand, Helmut"]
[Result "0-1"]
[WhiteElo "1866"]
[BlackElo "1891"]
[PlyCount "50"]
[EventDate "2010.??.??"]

1. e4 e6 2. d4 b6 3. c4 Bb7 4. Nc3 Ne7 5. Bg5 f6 6. Bf4 e5 7. dxe5 Ng6 8. Qh5
Bb4 9. Bd3 O-O 10. Bg3 Bxc3+ 11. bxc3 fxe5 12. Nf3 Qf6 13. O-O d6 14. Rab1 Nd7
15. c5 Nxc5 16. Bc4+ Kh8 17. Ng5 h6 18. f4 exf4 19. Nf7+ Kh7 20. Bxf4 Nxf4 21.
Rxf4 Qxf4 22. Rf1 Qe3+ 23. Kh1 g6 24. Qh4 Nxe4 25. Nxh6 Rxf1+ 0-1

[Event "C-Turnier"]
[Site "Hessische Einzelmeisterschaft"]
[Date "2010.04.02"]
[Round "4"]
[White "Förster, Rudi"]
[Black "Fußnecker, Manfred"]
[Result "1/2-1/2"]
[WhiteElo "1939"]
[BlackElo "1963"]
[PlyCount "117"]
[EventDate "2010.??.??"]

1. e4 e5 2. Nf3 d6 3. d4 exd4 4. Qxd4 a6 5. Bg5 Nc6 6. Bxd8 Nxd4 7. Nxd4 Kxd8
8. Bc4 Ke8 9. Nc3 c6 10. O-O-O b5 11. Be2 Bb7 12. Rhe1 g6 13. Bf3 Ne7 14. Nb3
Rd8 15. e5 d5 16. Nc5 Bc8 17. a3 Nf5 18. Nd3 a5 19. Kb1 Be6 20. Nf4 Bc5 21. Rd2
h5 22. Red1 Ke7 23. Bxd5 cxd5 24. Ncxd5+ Bxd5 25. Nxd5+ Kd7 26. f4 Kc8 27. Rd3
Ne3 28. Nxe3 Bxe3 29. Rc3+ Kb7 30. Rxd8 Rxd8 31. Rxe3 Rd2 32. g3 Rxh2 33. Rd3
Kc7 34. Kc1 h4 35. gxh4 Rxh4 36. Rf3 Kd7 37. Kd2 Ke6 38. Rb3 Rxf4 39. Rxb5 a4
40. b4 Rf3 41. c3 Rf2+ 42. Ke3 Ra2 43. Kd4 Rxa3 44. Rb6+ Kd7 45. Rf6 Ke7 46. b5
g5 47. Ra6 g4 48. Kd5 Rxc3 49. Ra7+ Kf8 50. Rxa4 Rb3 51. Kc6 g3 52. Rg4 Ke7 53.
b6 Ke6 54. Rg5 Rc3+ 55. Kb5 Rb3+ 56. Kc5 Rc3+ 57. Kb4 Rc6 58. Kb5 Rc3 59. Rg8
1/2-1/2

[Event "C-Turnier"]
[Site "Hessische Einzelmeisterschaft"]
[Date "2010.04.02"]
[Round "4"]
[White "Faqiry, Ramat"]
[Black "Günther, Andreas"]
[Result "0-1"]
[WhiteElo "1977"]
[BlackElo "1802"]
[PlyCount "66"]
[EventDate "2010.??.??"]

1. d4 Nf6 2. c4 g6 3. Nc3 Bg7 4. e4 d6 5. Nf3 O-O 6. Be2 e5 7. O-O Nc6 8. d5
Ne7 9. Ne1 Nd7 10. f3 f5 11. Be3 f4 12. Bf2 g5 13. Nd3 Ng6 14. b4 Nf6 15. Rc1
Rf7 16. c5 Bf8 17. cxd6 cxd6 18. Nb5 g4 19. Qc2 g3 20. hxg3 fxg3 21. Bxg3 Nh5
22. Bf2 Qg5 23. g4 Nhf4 24. Nxf4 Nxf4 25. Bg3 h5 26. Bxf4 Qxf4 27. Kh1 Qg3 28.
Bd1 Bh6 29. Rb1 Qh3+ 30. Kg1 Be3+ 31. Rf2 Bxg4 32. Nxd6 Bxf3 33. Bxf3 Rg7+ 0-1

[Event "C-Turnier"]
[Site "Hessische Einzelmeisterschaft"]
[Date "2010.04.02"]
[Round "4"]
[White "Genis, Roy"]
[Black "Eibelshäuser, Stefan"]
[Result "0-1"]
[WhiteElo "1947"]
[BlackElo "2057"]
[PlyCount "92"]
[EventDate "2010.??.??"]

1. e4 e5 2. Nf3 Nf6 3. Nxe5 d6 4. Nf3 Nxe4 5. d4 d5 6. Bd3 Bd6 7. O-O Bg4 8.
Re1 f5 9. c4 O-O 10. c5 Bxh2+ 11. Kxh2 Nxf2 12. Qe2 Nxd3 13. Qxd3 Bxf3 14. Qe3
Be4 15. Nc3 Nc6 16. Bd2 Qh4+ 17. Kg1 Rae8 18. Qf4 Qxf4 19. Bxf4 Nxd4 20. Rad1
Ne6 21. Be3 c6 22. b4 Rf6 23. g3 Rg6 24. Kf2 Rf8 25. Rg1 f4 26. gxf4 Rxg1 27.
Kxg1 Bg6 28. b5 d4 29. Bxd4 Rd8 30. Be3 Rxd1+ 31. Nxd1 cxb5 32. a3 Bd3 33. Nc3
a6 34. Kf2 Kf7 35. Nd5 Be4 36. Nc3 Bc6 37. Ne2 a5 38. Bd2 Nxc5 39. Bxa5 g6 40.
Bb6 Na4 41. Bd4 Ke6 42. Nc3 Kf5 43. Kg3 Nb2 44. Nxb5 Nc4 45. a4 Ke4 46. Kg4
Bxb5 0-1

[Event "C-Turnier"]
[Site "Hessische Einzelmeisterschaft"]
[Date "2010.04.02"]
[Round "4"]
[White "Lahr, Marcus"]
[Black "Risius, Philipp"]
[Result "1/2-1/2"]
[WhiteElo "2006"]
[BlackElo "1777"]
[PlyCount "62"]
[EventDate "2010.??.??"]

1. c4 f5 2. g3 Nf6 3. Bg2 g6 4. Nc3 Bg7 5. Nf3 d6 6. O-O O-O 7. d3 e5 8. Rb1 c6
9. c5 e4 10. dxe4 fxe4 11. Qb3+ d5 12. Ng5 Kh8 13. Bf4 h6 14. Nh3 Ne8 15. Rbd1
Qe7 16. Be3 g5 17. Rfe1 Nd7 18. f3 exf3 19. exf3 Ne5 20. f4 Bxh3 21. fxe5 Be6
22. Bd4 Kg8 23. a4 Bh8 24. h3 Ng7 25. Qc2 Bf5 26. Qd2 Ne6 27. Bf2 Rad8 28. b4
a6 29. Qa2 Nc7 30. g4 Bg6 31. Bg3 Qe6 1/2-1/2

[Event "C-Turnier"]
[Site "Hessische Einzelmeisterschaft"]
[Date "2010.04.02"]
[Round "4"]
[White "Rack, Matthias"]
[Black "Engelbert, Thomas"]
[Result "1/2-1/2"]
[WhiteElo "2056"]
[BlackElo "1762"]
[PlyCount "66"]
[EventDate "2010.??.??"]

1. d4 Nf6 2. c4 g6 3. Nc3 Bg7 4. e4 d6 5. f3 O-O 6. Be3 e5 7. d5 Nh5 8. g4 Nf4
9. Nge2 f5 10. gxf5 gxf5 11. h4 Nh5 12. Bg5 Bf6 13. Qd2 f4 14. Bxf6 Qxf6 15.
O-O-O Na6 16. Kb1 Kh8 17. Rc1 Bd7 18. Ng1 Rg8 19. Qf2 Rg7 20. Bh3 Nc5 21. Rd1
a5 22. Bxd7 Rxd7 23. Rh2 Rg7 24. Nh3 h6 25. a3 Qe7 26. Kc2 Na6 27. Qe1 b6 28.
Nf2 Nf6 29. Qe2 Rag8 30. Nh3 Nh5 31. Qf2 Ng3 32. Ng1 Nh5 33. Nh3 Ng3 1/2-1/2

[Event "C-Turnier"]
[Site "Hessische Einzelmeisterschaft"]
[Date "2010.04.02"]
[Round "4"]
[White "Geringer, Waldemar"]
[Black "Haftmann, Rainer"]
[Result "1-0"]
[WhiteElo "1949"]
[BlackElo "1881"]
[PlyCount "105"]
[EventDate "2010.??.??"]

1. d4 d5 2. Nf3 Nf6 3. c4 c6 4. g3 Bf5 5. Bg2 e6 6. O-O Bd6 7. Nc3 O-O 8. b3
Nbd7 9. Bb2 Re8 10. Nh4 Bg6 11. Nxg6 hxg6 12. e4 dxe4 13. Nxe4 Nxe4 14. Bxe4
Nf6 15. Bg2 Qa5 16. d5 exd5 17. Bxf6 gxf6 18. cxd5 c5 19. a4 Rad8 20. Rc1 Re5
21. Rc4 Kg7 22. Qd3 Rde8 23. Re4 Rxe4 24. Bxe4 Qb4 25. Bf3 a6 26. Kg2 b5 27.
axb5 axb5 28. Be2 Rb8 29. Ra1 Be5 30. Ra6 Qd4 31. Ra5 b4 32. f4 Qxd3 33. Bxd3
Bd4 34. g4 Rd8 35. Bc4 f5 36. g5 Rd7 37. Ra8 Rd6 38. Kf3 f6 39. Ra7+ Kf8 40.
Rc7 fxg5 41. fxg5 Ke8 42. Kf4 Bg1 43. Rh7 Rd7 44. Rh6 Rg7 45. Ke5 Bd4+ 46. Kd6
f4 47. Kc6 Rg8 48. d6 Rf8 49. Kc7 Be5 50. Rxg6 Rf7+ 51. Bxf7+ Kxf7 52. Rh6 f3
53. Rh3 1-0

[Event "C-Turnier"]
[Site "Hessische Einzelmeisterschaft"]
[Date "2010.04.02"]
[Round "4"]
[White "Launert, Martin"]
[Black "Machlin, Maxim"]
[Result "1-0"]
[WhiteElo "1892"]
[BlackElo "1933"]
[PlyCount "54"]
[EventDate "2010.??.??"]

1. e4 Nf6 2. e5 Nd5 3. d4 d6 4. Nf3 g6 5. Ng5 e6 6. c4 Nb6 7. Qf3 Qe7 8. exd6
cxd6 9. Ne4 Bg7 10. c5 dxc5 11. dxc5 Nd5 12. Nd6+ Kd7 13. Bb5+ Nc6 14. O-O Be5
15. Nxf7 Bf6 16. Nxh8 Bxh8 17. Bxc6+ bxc6 18. Nc3 Ba6 19. Nxd5 cxd5 20. c6+
Kxc6 21. Re1 Rf8 22. Qg4 Rf5 23. Qa4+ Bb5 24. Qc2+ Kb7 25. a4 Bc4 26. Ra3 Bd4
27. Be3 Qb4 1-0

[Event "C-Turnier"]
[Site "Hessische Einzelmeisterschaft"]
[Date "2010.04.02"]
[Round "4"]
[White "Zilch, Lothar"]
[Black "Enders, Georg"]
[Result "1-0"]
[WhiteElo "2021"]
[BlackElo "2011"]
[PlyCount "75"]
[EventDate "2010.??.??"]

1. c4 e5 2. Nc3 Nf6 3. Nf3 Nc6 4. e4 Bc5 5. Nxe5 Bxf2+ 6. Kxf2 Nxe5 7. d4 Neg4+
8. Kg1 d6 9. h3 Nh6 10. Be2 Nhg8 11. Kh2 h6 12. Rf1 Qe7 13. Bf3 c6 14. Kh1 Bd7
15. b4 O-O-O 16. a4 g5 17. b5 g4 18. hxg4 Nxg4 19. Bxg4 Qh4+ 20. Kg1 Bxg4 21.
Qb3 Ne7 22. Rb1 c5 23. Be3 b6 24. a5 Kb7 25. Qa3 Ra8 26. dxc5 dxc5 27. a6+ Kc8
28. Bxc5 Re8 29. Rxf7 Ng6 30. Bxb6 axb6 31. Qd6 Ne7 32. Na4 Rb8 33. Nxb6+ Rxb6
34. Qxb6 Qg3 35. a7 Kd7 36. Qc6+ Kd8 37. a8=Q+ Nc8 38. Rd1+ 1-0

[Event "C-Turnier"]
[Site "Hessische Einzelmeisterschaft"]
[Date "2010.04.02"]
[Round "4"]
[White "Ritscher, Georg"]
[Black "Kaulfuss, Christa"]
[Result "1-0"]
[WhiteElo "1962"]
[BlackElo "1933"]
[PlyCount "189"]
[EventDate "2010.??.??"]

1. e4 Nc6 2. Nf3 d6 3. d4 Nf6 4. Nc3 e6 5. Be2 a6 6. O-O Be7 7. Re1 O-O 8. a3
h6 9. Bf4 Re8 10. Bd3 Bf8 11. h3 e5 12. dxe5 Nxe5 13. Nxe5 dxe5 14. Be3 Be6 15.
Qf3 c6 16. Rad1 Qe7 17. Qg3 Nd7 18. Bxh6 Qf6 19. Be3 Bc5 20. Bxc5 Nxc5 21. Qe3
Nxd3 22. Rxd3 Bc4 23. Rd7 Re7 24. Red1 Be6 25. R7d6 Qg6 26. R1d3 f6 27. Qc5
Rae8 28. Rg3 Qh6 29. Qe3 Qh5 30. Qe2 Qh6 31. Qd2 Qh5 32. Nd1 Kf7 33. Ne3 g6 34.
Ng4 Rh8 35. Qe3 Kg7 36. Qc3 Kf7 37. f4 Bxg4 38. Rxg4 Rhe8 39. Qb3+ Kg7 40. f5
g5 41. Qg3 Kf7 42. h4 Rg8 43. hxg5 Rxg5 44. Rxg5 Qxg5 45. Qxg5 fxg5 46. Kf2 Re8
47. Rd7+ Kf6 48. Rxb7 Rd8 49. Ke3 Rd1 50. Rb6 Rg1 51. Rxc6+ Kf7 52. Kf2 Rd1 53.
b4 Rd2+ 54. Ke3 Rxg2 55. c4 Rg3+ 56. Kd2 Rxa3 57. Rc5 g4 58. Ra5 Rb3 59. Rxa6
Rxb4 60. Kc3 Rb1 61. Rg6 Rg1 62. Kd2 g3 63. c5 g2 64. c6 Ra1 65. c7 Ra8 66. Ke2
Rc8 67. Rxg2 Rxc7 68. Rg6 Rc3 69. Re6 Rc5 70. Kf3 Ra5 71. Kg4 Rb5 72. Kg5 Ra5
73. Rf6+ Kg7 74. Rd6 Kf7 75. Rd5 Ra1 76. Rxe5 Rg1+ 77. Kf4 Rf1+ 78. Ke3 Re1+
79. Kd2 Rf1 80. Re6 Rf2+ 81. Ke3 Rf1 82. Kd4 Ra1 83. Rc6 Ra4+ 84. Rc4 Ra8 85.
Ke5 Re8+ 86. Kf4 Re7 87. e5 Ra7 88. Kg5 Rb7 89. Rd4 Ke7 90. Rd6 Ra7 91. f6+ Kf7
92. e6+ Ke8 93. Rb6 Ra8 94. Rb7 Rc8 95. Kg6 1-0

[Event "C-Turnier"]
[Site "Hessische Einzelmeisterschaft"]
[Date "2010.04.02"]
[Round "4"]
[White "Kobs, Stephan"]
[Black "Berrou, Mohammed"]
[Result "1-0"]
[WhiteElo "2020"]
[BlackElo "2016"]
[PlyCount "55"]
[EventDate "2010.??.??"]

1. e4 e5 2. Nf3 Nf6 3. Nxe5 d6 4. Nf3 Nxe4 5. Nc3 Nxc3 6. dxc3 d5 7. Be3 Be6 8.
Nd4 Nd7 9. Nxe6 fxe6 10. Qd2 Nf6 11. f3 Bd6 12. c4 c6 13. O-O-O O-O 14. g4 Qc7
15. h4 b5 16. cxb5 cxb5 17. h5 Nd7 18. Bxb5 Rxf3 19. Kb1 Rc8 20. Bxd7 Qxd7 21.
Rhf1 Rcf8 22. Rxf3 Rxf3 23. c4 Qc6 24. cxd5 Qc4 25. dxe6 Qxe6 26. Bxa7 Bf4 27.
Qd8+ Kf7 28. Rd7+ 1-0

[Event "C-Turnier"]
[Site "Hessische Einzelmeisterschaft"]
[Date "2010.04.02"]
[Round "4"]
[White "Francke, Helmut"]
[Black "Sterzik, Peter"]
[Result "1-0"]
[WhiteElo "1987"]
[BlackElo "1742"]
[PlyCount "177"]
[EventDate "2010.??.??"]

1. Nf3 Nf6 2. g3 d5 3. Bg2 e6 4. d3 c5 5. O-O Be7 6. Nbd2 Nc6 7. e4 dxe4 8.
dxe4 e5 9. c3 O-O 10. Qe2 Qc7 11. a4 h6 12. Nc4 Bg4 13. h3 Be6 14. Nh4 Rad8 15.
Be3 Qc8 16. Kh2 b6 17. Nf5 Bxc4 18. Qxc4 Rd7 19. Bf3 Bd6 20. Rad1 Rfd8 21. Kg2
Bf8 22. Rxd7 Rxd7 23. Rc1 Qb7 24. Qe2 Kh7 25. Kh2 g6 26. Nh4 Qc7 27. Qc2 Qd6
28. Rd1 Qe6 29. Rxd7 Qxd7 30. Be2 Qe6 31. b3 Na5 32. Bd1 Nb7 33. Nf3 Nd6 34.
Nd2 h5 35. Be2 Bh6 36. Bxh6 Kxh6 37. Kg2 Kg7 38. Qd3 Kh6 39. h4 Kg7 40. f3 Qe7
41. Nc4 Nxc4 42. Qxc4 Qd7 43. Qd3 Qe6 44. Qd1 Qe7 45. Bb5 Qc7 46. Qd3 Qe7 47.
Bc6 Qc7 48. Ba8 Qb8 49. Bc6 Qc7 50. Bd5 Qb8 51. Qb5 Qd6 52. Qc6 Qxc6 53. Bxc6
Kf8 54. Kf2 Ke7 55. Ke3 Kd6 56. Bb5 Ng8 57. Be8 Ke7 58. Bc6 Nf6 59. Kd3 Kd6 60.
Bb7 Nd7 61. Bc8 Nb8 62. Kc4 Kc7 63. Bh3 Kc6 64. Bg2 Nd7 65. Bh3 Nf6 66. Bc8 Kc7
67. Ba6 Kc6 68. Kd3 Kd6 69. b4 cxb4 70. cxb4 Kc6 71. Bc4 Nd7 72. Bxf7 Nf8 73.
Kc4 a6 74. Be8+ Kd6 75. g4 hxg4 76. fxg4 Ke7 77. Bc6 Kd6 78. Bb7 a5 79. bxa5
bxa5 80. Kb5 Nd7 81. h5 gxh5 82. gxh5 Nf6 83. h6 Nh7 84. Bd5 Nf6 85. Bf7 Nh7
86. Bg6 Nf6 87. h7 Nxh7 88. Bxh7 Kc7 89. Kxa5 1-0

[Event "C-Turnier"]
[Site "Hessische Einzelmeisterschaft"]
[Date "2010.04.02"]
[Round "4"]
[White "Baskin, Robert"]
[Black "Wilhelm, Holger"]
[Result "1-0"]
[WhiteElo "1828"]
[BlackElo "1857"]
[PlyCount "71"]
[EventDate "2010.??.??"]

1. e4 d5 2. exd5 Qxd5 3. Nc3 Qa5 4. d4 Nf6 5. Nf3 Bf5 6. Bc4 e6 7. Bd2 c6 8.
Nd5 Qd8 9. Nxf6+ gxf6 10. O-O Nd7 11. Re1 Qc7 12. d5 cxd5 13. Bxd5 e5 14. Nd4
Bg6 15. Qf3 Bc5 16. Nb3 f5 17. Ba5 Bb6 18. Bc3 O-O-O 19. a4 a6 20. a5 Ba7 21.
Ra4 e4 22. Qe2 Ne5 23. Bxb7+ Kxb7 24. Rb4+ Ka8 25. Qxa6 Rb8 26. Bxe5 Qxc2 27.
Rc1 Qxf2+ 28. Kh1 Rxb4 29. Qc6+ Rb7 30. a6 Qb6 31. Qxb7+ Qxb7 32. axb7+ Kxb7
33. Bxh8 e3 34. Bd4 Bxd4 35. Nxd4 f4 36. Ne2 1-0

[Event "C-Turnier"]
[Site "Hessische Einzelmeisterschaft"]
[Date "2010.04.02"]
[Round "4"]
[White "Tonn, Peter"]
[Black "Rausch, Wolfgang"]
[Result "1-0"]
[WhiteElo "2000"]
[BlackElo "1804"]
[PlyCount "131"]
[EventDate "2010.??.??"]

1. d4 Nf6 2. Nf3 d5 3. c4 c6 4. cxd5 cxd5 5. Nc3 Nbd7 6. Bf4 e6 7. e3 a6 8. Qa4
Be7 9. Bd3 O-O 10. O-O h6 11. Rac1 Nh5 12. Be5 Nxe5 13. Nxe5 Nf6 14. f4 Nd7 15.
Qd1 Bd6 16. Qg4 f5 17. Qh3 Nf6 18. Rf3 Bxe5 19. fxe5 Ne4 20. Bxe4 fxe4 21. Rg3
Kh7 22. Qg4 g5 23. Ne2 Bd7 24. Nf4 Rf5 25. Nh5 Rc8 26. Rd1 Rc2 27. Nf6+ Kg7 28.
h4 Rcf2 29. hxg5 Rxg5 30. Qh4 Rff5 31. Rh3 Bb5 32. Qxh6+ Kf7 33. Qh7+ Rg7 34.
Qh4 Rfg5 35. Rd2 Qc7 36. Rf2 Qc1+ 37. Kh2 Rf5 38. Rxf5 exf5 39. Rg3 Rxg3 40.
Qxg3 Qxb2 41. Qg8+ Ke7 42. Nxd5+ Kd7 43. Nf4 Qf2 44. Qe6+ Kc7 45. Qxf5 Qxa2 46.
Qxe4 a5 47. d5 Qd2 48. d6+ Kb8 49. Qd4 Qxd4 50. exd4 Bc4 51. e6 Kc8 52. g4 a4
53. g5 a3 54. g6 a2 55. g7 Bxe6 56. Nxe6 a1=Q 57. g8=Q+ Kd7 58. Nc5+ Kxd6 59.
Nxb7+ Kc6 60. Nd8+ Kd7 61. Qd5+ Ke8 62. Ne6 Qc3 63. Ng7+ Ke7 64. Nf5+ Kf6 65.
Qe5+ Kg5 66. Qg3+ 1-0

[Event "C-Turnier"]
[Site "Hessische Einzelmeisterschaft"]
[Date "2010.04.02"]
[Round "4"]
[White "Gutacker, Stephan"]
[Black "Larem, Peter"]
[Result "1-0"]
[WhiteElo "1936"]
[BlackElo "1921"]
[PlyCount "93"]
[EventDate "2010.??.??"]

1. e4 e5 2. Nf3 Nf6 3. Nxe5 d6 4. Nf3 Nxe4 5. d3 Nf6 6. d4 d5 7. Bg5 Be7 8. Bd3
Nc6 9. c3 Bg4 10. Nbd2 O-O 11. O-O Re8 12. Qc2 h6 13. Bh4 Qd7 14. Ne5 Nxe5 15.
dxe5 Nh5 16. Bxe7 Qxe7 17. h3 Bd7 18. Nf3 Nf4 19. Bh7+ Kh8 20. Bf5 Bb5 21. Rfe1
g6 22. Qd2 g5 23. g3 Ne6 24. h4 Rg8 25. Bxe6 fxe6 26. hxg5 Raf8 27. Kg2 Qf7 28.
Qe3 Bc6 29. Nd4 Rxg5 30. Rh1 Kg7 31. Rh4 Qg6 32. Rah1 Rh8 33. Rf4 Rf8 34. Rhh4
Bd7 35. Rxf8 Kxf8 36. Rf4+ Ke7 37. Nf3 Rh5 38. g4 Bc6 39. Nd4 Rg5 40. f3 h5 41.
Rf6 Qg7 42. Nxe6 Rxe5 43. Qc5+ Kxf6 44. Nxg7 hxg4 45. Qd4 gxf3+ 46. Kxf3 Bd7
47. Kf4 1-0

[Event "C-Turnier"]
[Site "Hessische Einzelmeisterschaft"]
[Date "2010.04.02"]
[Round "4"]
[White "Fröhlich-Dill, Astrid"]
[Black "Rätsch, Kurt"]
[Result "0-1"]
[WhiteElo "1910"]
[BlackElo "2069"]
[PlyCount "74"]
[EventDate "2010.??.??"]

1. d4 b6 2. e4 Bb7 3. Bd3 d6 4. Nf3 Nd7 5. Qe2 e5 6. c3 Ngf6 7. Bg5 Be7 8. Nbd2
h6 9. Bh4 c6 10. h3 Qc7 11. Bg3 Nh5 12. Bh2 Nf4 13. Qf1 Nxd3+ 14. Qxd3 O-O-O
15. b4 exd4 16. cxd4 f5 17. e5 Rhf8 18. Nc4 dxe5 19. O-O f4 20. Qb3 e4 21. Nfd2
Nf6 22. Ne5 Rxd4 23. Bxf4 Bd6 24. Qe6+ Kb8 25. Nb3 Re8 26. Qf7 Rxb4 27. Nd7+
Kc8 28. Bxd6 Qxd6 29. Nxf6 Rf8 30. Nxe4 Rxe4 31. Qxg7 c5 32. Rad1 Qe7 33. Qxe7
Rxe7 34. Rd6 Rg8 35. g3 h5 36. Rc1 Re2 37. Rd2 Re5 {
Rest nicht nachvollziehbar. 0-1 ca. 65.} 0-1

[Event "C-Turnier"]
[Site "Hessische Einzelmeisterschaft"]
[Date "2010.04.02"]
[Round "4"]
[White "Juhnke, Peter"]
[Black "Adair, Robin"]
[Result "1-0"]
[WhiteElo "1931"]
[BlackElo "2038"]
[PlyCount "97"]
[EventDate "2010.??.??"]

1. e4 c5 2. c3 d5 3. exd5 Qxd5 4. d4 Nf6 5. Nf3 Nc6 6. Be2 g6 7. O-O Bg7 8.
dxc5 Qxc5 9. Be3 Qd5 10. Qc1 O-O 11. Rd1 Qa5 12. b4 Qc7 13. Bh6 Ne5 14. Bxg7
Kxg7 15. Nxe5 Qxe5 16. Bf3 Ng4 17. Bxg4 Bxg4 18. Re1 Qf6 19. Nd2 Bf5 20. c4
Rfd8 21. Nf3 h6 22. Qe3 a5 23. b5 e6 24. Ne5 g5 25. Rac1 Qe7 26. c5 Qe8 27. a4
f6 28. g4 Bh7 29. Nc4 e5 30. Nd6 Qe6 31. Qf3 e4 32. Nxe4 Rd4 33. Ng3 Qf7 34.
Nh5+ Kh8 35. Qxf6+ Qxf6 36. Nxf6 Rxa4 37. Nxh7 Rxg4+ 38. Kf1 Kxh7 39. Re7+ Kg6
40. Rxb7 a4 41. c6 a3 42. c7 a2 43. Ra1 Rb4 44. Rxa2 Rxa2 45. c8=Q Rb1+ 46. Kg2
Raa1 47. Qc6+ Kh5 48. Qf3+ Kg6 49. Rb6+ 1-0

[Event "C-Turnier"]
[Site "Hessische Einzelmeisterschaft"]
[Date "2010.04.02"]
[Round "4"]
[White "Zimmer, Gerald"]
[Black "Storkebaum, Ulrike"]
[Result "1/2-1/2"]
[WhiteElo "1796"]
[BlackElo "1867"]
[PlyCount "137"]
[EventDate "2010.??.??"]

1. d4 Nf6 2. c4 g6 3. Nc3 Bg7 4. e4 d6 5. f3 O-O 6. Be3 e5 7. d5 a5 8. Qd2 Na6
9. Bh6 Nc5 10. Bxg7 Kxg7 11. g4 Nxg4 12. fxg4 Qh4+ 13. Qf2 Qxg4 14. Be2 Qg5 15.
Nf3 Qf4 16. Nd2 Qxf2+ 17. Kxf2 f5 18. h4 fxe4+ 19. Ke3 Bf5 20. Raf1 Nd3 21.
Ndxe4 Nf4 22. Bf3 Rfd8 23. Nb5 Rd7 24. Rfg1 Kh8 25. h5 Rg7 26. hxg6 Bxg6 27.
Nbc3 Rf8 28. Ng5 Kg8 29. Bg4 Bf5 30. Bxf5 Rxf5 31. Nce4 h5 32. Nf3 Kf8 33. Rxg7
Kxg7 34. Rg1+ Kh6 35. Rg8 Kh7 36. Rg5 Rf8 37. Nh4 b5 38. b3 bxc4 39. bxc4 a4
40. Nc3 Kh6 41. Rg1 Nh3 42. Rg6+ Kh7 43. Rg3 Nf2 44. Rf3 Ng4+ 45. Ke2 Nf6 46.
Nxa4 Kg7 47. Nc3 Rb8 48. Nb5 Ra8 49. a3 Ra4 50. Rc3 Ne4 51. Rc2 Nc5 52. Ke3 Kf6
53. Nf3 Kf5 54. Nd2 h4 55. Rc1 Ra8 56. Rf1+ Kg4 57. Kf2 Nd3+ 58. Kg2 Nf4+ 59.
Kh2 h3 60. Rf3 Kh4 61. Rg3 Rb8 62. Nf3+ Kh5 63. Ng1 e4 64. Nxh3 Nd3 65. Kg2 Rf8
66. Rg7 Ne1+ 67. Kg3 Rf3+ 68. Kh2 Kh4 69. Ng1 1/2-1/2

[Event "C-Turnier"]
[Site "Hessische Einzelmeisterschaft"]
[Date "2010.04.02"]
[Round "4"]
[White "Egenolf, Dirk"]
[Black "Kazic, Bruno"]
[Result "1-0"]
[WhiteElo "1911"]
[BlackElo "1749"]
[PlyCount "99"]
[EventDate "2010.??.??"]

1. e4 d6 2. d4 g6 3. Nc3 Bg7 4. Be3 Nf6 5. f3 Nbd7 6. Qd2 O-O 7. Bh6 e5 8. Bxg7
Kxg7 9. d5 Re8 10. g4 a6 11. Nge2 h5 12. g5 Nh7 13. h4 b5 14. Ng3 Nc5 15. O-O-O
f6 16. gxf6+ Qxf6 17. Qg2 Kh8 18. Bd3 Rf8 19. Rdf1 Qf4+ 20. Kb1 Nxd3 21. cxd3
Qe3 22. Rhg1 Qh6 23. Nge2 Rg8 24. d4 b4 25. Nd1 Nf6 26. dxe5 dxe5 27. Qh2 Nd7
28. Rg5 a5 29. Ne3 Ba6 30. Rc1 Rac8 31. Nc4 Kh7 32. Nxa5 Qf8 33. Ng1 Qd6 34.
Rc6 Bd3+ 35. Ka1 Qf8 36. Qg2 Qe8 37. Re6 Qf7 38. Nc6 Qf4 39. Ne2 Bxe2 40. Qg1
Nf8 41. Re7+ Kh6 42. Nxe5 Qd2 43. Nf7+ Kh7 44. Nd6+ Kh6 45. Nxc8 Qd1+ 46. Qxd1
Bxd1 47. Rxc7 Bxf3 48. Nd6 Rg7 49. Rxg7 Kxg7 50. Rg3 1-0

[Event "C-Turnier"]
[Site "Hessische Einzelmeisterschaft"]
[Date "2010.04.02"]
[Round "4"]
[White "Winter, Lars"]
[Black "Warnk, Torsten"]
[Result "0-1"]
[WhiteElo "1974"]
[BlackElo "1977"]
[PlyCount "70"]
[EventDate "2010.??.??"]

1. e4 e6 2. d4 d5 3. e5 c5 4. c3 Nc6 5. Nf3 cxd4 6. cxd4 Qb6 7. a3 Nge7 8. b4
Bd7 9. Nc3 Nf5 10. Na4 Qd8 11. Nc5 Bxc5 12. bxc5 b6 13. g4 Nfe7 14. Qc2 bxc5
15. Qxc5 Qa5+ 16. Qxa5 Nxa5 17. Rb1 O-O 18. Bd2 Nec6 19. Rb5 Nc4 20. Bxc4 dxc4
21. Rc5 f6 22. Rxc4 Rab8 23. Rc1 Rb3 24. Rc3 Rfb8 25. exf6 gxf6 26. O-O Rxc3
27. Bxc3 Rb3 28. Rc1 Rxa3 29. g5 f5 30. Ne5 Nxe5 31. dxe5 Bc6 32. Bb2 Ra6 33.
Ra1 Rb6 34. Bd4 Rb4 35. Bxa7 Rg4+ 0-1

[Event "C-Turnier"]
[Site "Hessische Einzelmeisterschaft"]
[Date "2010.04.02"]
[Round "4"]
[White "Arnold, Michael"]
[Black "Herms, Thorsten"]
[Result "1-0"]
[WhiteElo "1846"]
[BlackElo "1746"]
[PlyCount "59"]
[EventDate "2010.??.??"]

1. e4 c5 2. Nc3 Nc6 3. f4 d6 4. Bc4 e6 5. Nf3 Nge7 6. d3 g6 7. O-O Bg7 8. Ne2
O-O 9. c3 Na5 10. Bb5 a6 11. Ba4 b5 12. Bc2 Bb7 13. Qe1 Qd7 14. Qh4 f5 15. Bd2
e5 16. fxe5 dxe5 17. Bg5 Nec6 18. exf5 gxf5 19. Rae1 Rae8 20. b4 cxb4 21. cxb4
Nd4 22. Nexd4 e4 23. dxe4 fxe4 24. Nb3 Qc7 25. Nfd4 Rxf1+ 26. Rxf1 Nc4 27. Nf5
Bc3 28. Bf6 Qb6+ 29. Nbd4 Bxd4+ 30. Bxd4 1-0

[Event "C-Turnier"]
[Site "Hessische Einzelmeisterschaft"]
[Date "2010.04.02"]
[Round "4"]
[White "Wachtel, Johann"]
[Black "Minor, Dieter"]
[Result "1-0"]
[WhiteElo "1738"]
[BlackElo "1888"]
[PlyCount "112"]
[EventDate "2010.??.??"]

1. e4 e6 2. f4 b6 3. Nf3 Bb7 4. d3 c5 5. Be2 Nc6 6. c3 Qc7 7. O-O e5 8. fxe5
Nxe5 9. Nxe5 Qxe5 10. Bf4 Qe7 11. Nd2 g6 12. Nc4 Qd8 13. Qb3 d5 14. Ne5 f6 15.
Qb5+ Ke7 16. Bg4 a6 17. Nc6+ Bxc6 18. Qxc6 Kf7 19. Be6+ Kg7 20. Bxd5 Ra7 21.
Qe6 Re7 22. Qh3 Ra7 23. c4 Bd6 24. Qe6 Bxf4 25. Rxf4 Re7 26. Qh3 g5 27. Rf2 h5
28. Raf1 Rh6 29. Rf5 Re8 30. Qg3 Rg6 31. h3 h4 32. Qe1 Nh6 33. R5f2 Qd6 34. Re2
Qe5 35. Qc3 Qd6 36. Qe1 Qe5 37. Rd2 f5 38. Qf2 f4 39. d4 cxd4 40. Qxd4 Rf6 41.
b4 Qd6 42. c5 bxc5 43. bxc5 Qc7 44. Re2 g4 45. Rb2 Rb8 46. Rfb1 Rxb2 47. Rxb2
Qa5 48. Qb4 Qd8 49. Qc3 f3 50. Rb7+ Kg6 51. Qd3 Qa5 52. e5+ Nf5 53. Rb1 Qxc5+
54. Kh2 Rb6 55. Rxb6+ Qxb6 56. hxg4 fxg2 1-0

[Event "C-Turnier"]
[Site "Hessische Einzelmeisterschaft"]
[Date "2010.04.02"]
[Round "4"]
[White "Koculak, Eduard"]
[Black "Mersinger, Ralf"]
[Result "1-0"]
[WhiteElo "1727"]
[BlackElo "1728"]
[PlyCount "143"]
[EventDate "2010.??.??"]

1. d4 d5 2. c4 e6 3. Nc3 Nf6 4. Bg5 Be7 5. e3 O-O 6. Nf3 Nbd7 7. Bd3 c5 8. O-O
dxc4 9. Bxc4 a6 10. a4 Nb6 11. Bd3 cxd4 12. exd4 h6 13. Bh4 Nbd5 14. Nxd5 Qxd5
15. Qe2 Bd7 16. Bxf6 Bxf6 17. Be4 Qb3 18. Bc2 Qb4 19. Rfd1 Bc6 20. Ne5 Bxe5 21.
dxe5 Bd5 22. h3 Rac8 23. Rd2 g6 24. Rad1 Rc4 25. Bd3 Rh4 26. Bc2 Rc8 27. Qe3
Qf4 28. Qxf4 Rxf4 29. g3 Rfc4 30. Bb3 Rb4 31. Bxd5 exd5 32. Rxd5 Rxb2 33. Rd8+
Rxd8 34. Rxd8+ Kg7 35. Rd7 Kf8 36. Rd5 Ke7 37. f4 Rb4 38. a5 Rb2 39. Kf1 b6 40.
axb6 Rxb6 41. Ke2 Rb5 42. Rd6 Ra5 43. g4 Ra4 44. Kf3 a5 45. Ra6 Ra3+ 46. Kg2 a4
47. Kh2 Ra1 48. Kg2 a3 49. Kh2 a2 50. Kg2 Kd7 51. Kh2 Kc7 52. Kg2 Kb7 53. Ra4
Kb6 54. Kh2 Kb5 55. Ra7 Kc4 56. Ra4+ Kb3 57. Ra7 Re1 58. Rb7+ Ka3 59. Ra7+ Kb2
60. Rb7+ Ka1 61. Rxf7 Re2+ 62. Kg3 Re3+ 63. Kf2 Rb3 64. e6 Kb2 65. Ra7 a1=Q 66.
Rxa1 Kxa1 67. e7 Rb8 68. f5 Rb2+ 69. Kf3 Rb3+ 70. Kf4 Rb4+ 71. Ke5 gxf5 72.
gxf5 1-0